000 00920nam a2200217Ii 4500
003 JO-AjNU
008 230605s9999||||xx |||||||||||||| ||und||
040 _aJO-AjNU
_bara
_erda
_cJO-AjNU
041 _aara
050 1 4 _aKRM839.2002
100 3 _aاللصاصمة، عبد العزيز,
_eauthor
_924929
245 0 0 _aنظريات الالتزامات في القانون المدني المقارن : المسؤولية المدنية التقصيرية : أساسها وشروطها 
250 _aط1
264 3 1 _aعمان : دار الثقافة ، 2002
300 _a271ص
336 _atext
_btxt
_2rdacontent
337 _aunmediated
_bn
_2rdamedia
338 _avolume
_bnc
_2rdacarrier
490 0 _aسلسلة الرسائل القانونية (450)
650 4 _aالمسئولية المدنية -- الأردن -- القانون المدني -- الأردن -- القانون المقارن
_924930
999 _aA9257
_c12825
_d12825